Distritos de Santa Catarina em um Mapa - Statistics

Estatísticas Gerais
  • Esse quiz foi jogado 200 vezes
  • A pontuação média é 65 de 468
Respostas no mapa
Respostas codificadas por cores de uma escala verde-vermelha no mapa do quiz de acordo com a % correta abaixo.
 
Estatísticas das Respostas
Município Distrito % Correto
Florianópolis Florianópolis
79%
Balneário Camboriú Balneário Camboriú
61%
Chapecó Chapecó
60%
Joinville Joinville
59%
Blumenau Blumenau
57%
Itá Itá
57%
Lages Lages
56%
Criciúma Criciúma
54%
São José São José
54%
Itajaí Itajaí
49%
Palhoça Palhoça
43%
Camboriú Camboriú
42%
Tubarão Tubarão
42%
Brusque Brusque
41%
Itapema Itapema
41%
Jaraguá do Sul Jaraguá do Sul
41%
Bombinhas Bombinhas
39%
Penha Penha
38%
Gaspar Gaspar
37%
Pomerode Pomerode
36%
Xaxim Xaxim
36%
Mafra Mafra
35%
Navegantes Navegantes
35%
Barra Velha Barra Velha
34%
Laguna Laguna
34%
São Francisco do Sul São Francisco do Sul
34%
Balneário Piçarras Balneário Piçarras
33%
Porto Belo Porto Belo
33%
Caçador Caçador
32%
Xanxerê Xanxerê
32%
Garuva Garuva
31%
Rio do Sul Rio do Sul
31%
São Bento do Sul São Bento do Sul
31%
Rio Negrinho Rio Negrinho
30%
Indaial Indaial
29%
Joaçaba Joaçaba
29%
Schroeder Schroeder
29%
Timbó Timbó
29%
Urubici Urubici
29%
Itapoá Itapoá
28%
Massaranduba Massaranduba
28%
Araquari Araquari
27%
Biguaçu Biguaçu
27%
Guaramirim Guaramirim
27%
Canoinhas Canoinhas
26%
Concórdia Concórdia
26%
Curitibanos Curitibanos
26%
Garopaba Garopaba
26%
São Joaquim São Joaquim
26%
Tijucas Tijucas
26%
Videira Videira
26%
Governador Celso Ramos Governador Celso Ramos
25%
Imbituba Imbituba
25%
Araranguá Araranguá
24%
Florianópolis Canasvieiras
24%
Ilhota Ilhota
24%
Luiz Alves Luiz Alves
24%
São Miguel do Oeste São Miguel do Oeste
24%
Urupema Urupema
24%
Balneário Barra do Sul Balneário Barra do Sul
23%
Corupá Corupá
23%
Praia Grande Praia Grande
23%
Campos Novos Campos Novos
22%
Sombrio Sombrio
22%
Taió Taió
22%
Campo Alegre Campo Alegre
21%
Porto União Porto União
21%
Santa Cecília Santa Cecília
21%
Bom Jardim da Serra Bom Jardim da Serra
20%
Dionísio Cerqueira Dionísio Cerqueira
20%
Passo de Torres Passo de Torres
20%
Santo Amaroda Imperatriz Santo Amaroda Imperatriz
20%
São João do Itaperiú São João do Itaperiú
20%
Água Doce Água Doce
19%
Ascurra Ascurra
19%
Florianópolis Campeche
19%
Fraiburgo Fraiburgo
19%
Içara Içara
19%
Ituporanga Ituporanga
19%
Jaguaruna Jaguaruna
19%
Paulo Lopes Paulo Lopes
19%
Joinville Pirabeiraba
19%
Treze Tílias Treze Tílias
19%
Agrolândia Agrolândia
18%
Balneário Gaivota Balneário Gaivota
18%
Florianópolis Ribeirão da Ilha
18%
Rio dos Cedros Rio dos Cedros
18%
Rodeio Rodeio
18%
Alfredo Wagner Alfredo Wagner
17%
Apiúna Apiúna
17%
Florianópolis Barra da Lagoa
17%
Celso Ramos Celso Ramos
17%
Ibirama Ibirama
17%
Blumenau Itoupava
17%
Rancho Queimado Rancho Queimado
17%
Seara Seara
17%
Abdon Batista Abdon Batista
16%
Abelardo Luz Abelardo Luz
16%
Agronômica Agronômica
16%
Águas de Chapecó Águas de Chapecó
16%
Águas Mornas Águas Mornas
16%
Anita Garibaldi | Xaxim Anita Garibaldi
16%
Balneário Rincão Balneário Rincão
16%
Benedito Novo Benedito Novo
16%
Bom Jesus Bom Jesus
16%
Bom Retiro Bom Retiro
16%
Braço do Norte Braço do Norte
16%
Braço do Trombudo Braço do Trombudo
16%
Coronel Freitas Coronel Freitas
16%
Correia Pinto Correia Pinto
16%
Doutor Pedrinho Doutor Pedrinho
16%
Faxinal dos Guedes Faxinal dos Guedes
16%
Forquilhinha Forquilhinha
16%
Araranguá Hercílio Luz
16%
Araquari Itapocu
16%
Lauro Müller Lauro Müller
16%
Maravilha Maravilha
16%
Imbituba Mirim
16%
Nova Trento Nova Trento
16%
Nova Veneza Nova Veneza
16%
Orleans Orleans
16%
Otacílio Costa Otacílio Costa
16%
Ouro Ouro
16%
Piratuba Piratuba
16%
Ponte Serrada Ponte Serrada
16%
Pouso Redondo Pouso Redondo
16%
Presidente Getúlio Presidente Getúlio
16%
Salete Salete
16%
Santa Terezinha Santa Terezinha
16%
Concórdia Santo Antônio
16%
São Lourenço do Oeste São Lourenço do Oeste
16%
Trombudo Central Trombudo Central
16%
Antônio Carlos Antônio Carlos
15%
Gravatal Gravatal
15%
Herval d'Oeste Herval d'Oeste
15%
Florianópolis Ingleses do Rio Vermelho
15%
Irani Irani
15%
Itaiópolis Itaió
15%
Itaiópolis Itaiópolis
15%
Florianópolis Lagoa da Conceição
15%
Lebon Régis Lebon Régis
15%
Lontras Lontras
15%
Modelo Modelo
15%
Palmitos Palmitos
15%
Pinhalzinho Pinhalzinho
15%
Angelina Angelina
14%
Anitápolis Anitápolis
14%
Arabutã Arabutã
14%
Armazém Armazém
14%
Aurora Aurora
14%
Balneário Arroio do Silva Balneário Arroio do Silva
14%
Calmon Calmon
14%
Campo Belo do Sul Campo Belo do Sul
14%
Canelinha Canelinha
14%
Catanduvas Catanduvas
14%
Cerro Negro Cerro Negro
14%
Cordilheira Alta Cordilheira Alta
14%
Dona Emma Dona Emma
14%
Erval Velho Erval Velho
14%
Guabiruba Guabiruba
14%
Guaraciaba Guaraciaba
14%
Imaruí Imaruí
14%
Ipira Ipira
14%
Itapiranga Itapiranga
14%
Laurentino Laurentino
14%
Luzerna Luzerna
14%
Monte Castelo Monte Castelo
14%
Florianópolis Pântano do Sul
14%
Papanduva Papanduva
14%
Passos Maia Passos Maia
14%
Ponte Alta Ponte Alta
14%
Presidente Nereu Presidente Nereu
14%
Quilombo Quilombo
14%
Rio do Oeste Rio do Oeste
14%
Joaçaba | Santa Helena Santa Helena
14%
São Carlos São Carlos
14%
Três Barras São Cristóvão
14%
São Domingos São Domingos
14%
São João Batista São João Batista
14%
São João do Oeste São João do Oeste
14%
São José do Cerrito São José do Cerrito
14%
Saudades Saudades
14%
Três Barras Três Barras
14%
Vargem Vargem
14%
Witmarsum Witmarsum
14%
Águas Frias Águas Frias
13%
Bocaina do Sul Bocaina do Sul
13%
Caibi Caibi
13%
Campo Erê Campo Erê
13%
Capão Alto Capão Alto
13%
Capinzal Capinzal
13%
Capivari de Baixo Capivari de Baixo
13%
Descanso Descanso
13%
Grão-Pará Grão-Pará
13%
Lauro Müller Guatá
13%
Ipuaçu Ipuaçu
13%
Maracajá Maracajá
13%
Matos Costa Matos Costa
13%
Mondaí Mondaí
13%
Monte Carlo Monte Carlo
13%
Nova Erechim Nova Erechim
13%
Nova Itaberaba Nova Itaberaba
13%
Guaraciaba | Ouro Verde Ouro Verde
13%
Painel Painel
13%
Palmeira Palmeira
13%
Pescaria Brava Pescaria Brava
13%
Florianópolis Santo Antônio de Lisboa
13%
São Bonifácio São Bonifácio
13%
Tangará Tangará
13%
Timbó Grande Timbó Grande
13%
Urussanga Urussanga
13%
Alto Bela Vista Alto Bela Vista
12%
Anchieta Anchieta
12%
Arvoredo Arvoredo
12%
São José Barreiros
12%
Campos Novos Bela Vista
12%
Cunha Porã Cunha Porã
12%
Guarujá do Sul Guarujá do Sul
12%
Guatambú Guatambú
12%
Iporã do Oeste Iporã do Oeste
12%
Ipumirim Ipumirim
12%
Irineópolis Irineópolis
12%
Lindóia do Sul Lindóia do Sul
12%
Macieira Macieira
12%
Morro da Fumaça Morro da Fumaça
12%
Pedras Grandes Pedras Grandes
12%
Peritiba Peritiba
12%
Petrolândia Petrolândia
12%
São Francisco do Sul Saí
12%
Salto Veloso Salto Veloso
12%
São João do Sul São João do Sul
12%
Serra Alta Serra Alta
12%
Tunápolis Tunápolis
12%
Vargem Bonita Vargem Bonita
12%
Vidal Ramos Vidal Ramos
12%
Xavantina Xavantina
12%
Arroio Trinta Arroio Trinta
11%
Atalanta Atalanta
11%
Bandeirante Bandeirante
11%
Campo Alegre Bateias de Baixo
11%
Bela Vista do Toldo Bela Vista do Toldo
11%
Belmonte Belmonte
11%
Botuverá Botuverá
11%
Brunópolis Brunópolis
11%
Florianópolis Cachoeira do Bom Jesus
11%
Cocal do Sul Cocal do Sul
11%
Entre Rios Entre Rios
11%
Ermo Ermo
11%
Formosa do Sul Formosa do Sul
11%
Galvão Galvão
11%
Blumenau Grande Garcia
11%
Ibiam Ibiam
11%
Ibicaré Ibicaré
11%
Imbuia Imbuia
11%
Iraceminha Iraceminha
11%
Irati Irati
11%
Jaborá Jaborá
11%
Jacinto Machado Jacinto Machado
11%
José Boiteux José Boiteux
11%
Jupiá Jupiá
11%
Campos Novos Leão
11%
Leoberto Leal Leoberto Leal
11%
Major Gercino Major Gercino
11%
Major Vieira Major Vieira
11%
Marema Marema
11%
Meleiro Meleiro
11%
Mirim Doce Mirim Doce
11%
Camboriú Monte Alegre
11%
Morro Grande | Sangão Morro Grande
11%
Novo Horizonte Novo Horizonte
11%
Paraíso Paraíso
11%
Pinheiro Preto Pinheiro Preto
11%
Concórdia Planalto
11%
Ponte Alta do Norte Ponte Alta do Norte
11%
PresidenteCastello Branco PresidenteCastello Branco
11%
Princesa Princesa
11%
Rio das Antas Rio das Antas
11%
Rio do Campo Rio do Campo
11%
Rio Fortuna Rio Fortuna
11%
Riqueza Riqueza
11%
Romelândia Romelândia
11%
Santa Rosa de Lima Santa Rosa de Lima
11%
Santa Rosa do Sul Santa Rosa do Sul
11%
Santiago do Sul Santiago do Sul
11%
Florianópolis São João doRio Vermelho
11%
São José do Cedro São José do Cedro
11%
São Ludgero São Ludgero
11%
São Martinho São Martinho
11%
Siderópolis Siderópolis
11%
Sul Brasil Sul Brasil
11%
Timbé do Sul Timbé do Sul
11%
Treze de Maio Treze de Maio
11%
Turvo Turvo
11%
Vargeão Vargeão
11%
Zortéa Zortéa
11%
Caxambu do Sul Caxambu do Sul
10%
Chapadão do Lageado Chapadão do Lageado
10%
Cunhataí Cunhataí
10%
Flor do Sertão Flor do Sertão
10%
Iomerê Iomerê
10%
Jardinópolis Jardinópolis
10%
Lacerdópolis Lacerdópolis
10%
Palma Sola Palma Sola
10%
Florianópolis Ratones
10%
Rio Rufino Rio Rufino
10%
Saltinho Saltinho
10%
Benedito Novo Santa Maria
10%
São Cristóvão do Sul São Cristóvão do Sul
10%
São Miguel da Boa Vista São Miguel da Boa Vista
10%
São Pedro de Alcântara São Pedro de Alcântara
10%
Tigrinhos Tigrinhos
10%
União do Oeste União do Oeste
10%
Imbituba Vila Nova
10%
Vitor Meireles Vitor Meireles
10%
Araranguá Balneário Morro dos Conventos
9%
Barra Bonita Barra Bonita
9%
Bom Jesus do Oeste Bom Jesus do Oeste
9%
Coronel Martins Coronel Martins
9%
Frei Rogério Frei Rogério
9%
Angelina Garcia
9%
Lajeado Grande Lajeado Grande
9%
Canoinhas Marcílio Dias
9%
Paial Paial
9%
Planalto Alegre Planalto Alegre
9%
Criciúma Rio Maina
9%
Mafra Rio Preto do Sul
9%
Araranguá Sanga da Toca
9%
Sangão Sangão
9%
Santa Terezinhado Progresso Santa Terezinhado Progresso
9%
Nova Veneza São Bento Baixo
9%
São Bernardino São Bernardino
9%
Treviso Treviso
9%
São José Centro Históricode São José
8%
Palhoça Enseada de Brito
8%
Biguaçu Guaporanga
8%
Água Doce Herciliópolis
8%
Meleiro Sapiranga
8%
Alfredo Wagner Arnópolis
7%
Passo de Torres Balneário Rosa do Mar
7%
Alfredo Wagner Catuíra
7%
Morro da Fumaça Estação Cocal
7%
Campo Alegre Fragosos
7%
Chapecó Gôio-En
7%
Chapecó Marechal Bormann
7%
Canoinhas Pinheiros
7%
Ituporanga Rio Bonito
7%
Videira Anta Gorda
6%
Angelina Barra Clara
6%
Lauro Müller Barro Branco
6%
Major Gercino Boiteuxburgo
6%
Canoinhas Campo da Água Verde
6%
Bom Retiro Canoas
6%
Rio dos Cedros Cedro Alto
6%
Campos Novos Dal'Pai
6%
Campos Novos Espinilho
6%
Canoinhas Felipe Schmidt
6%
Chapecó Figueira
6%
Campos Novos Guarani
6%
Campos Novos Ibicuí
6%
Lages Índios
6%
Descanso Itajubá
6%
Anita Garibaldi Lagoa da Estiva
6%
Brunópolis Marombas
6%
Itaiópolis Moema
6%
Turvo Morro Chato
6%
Joaçaba Nova Petrópolis
6%
Canoinhas Paula Pereira
6%
Major Gercino Pinheiral
6%
Curitibanos Santa Cruz do Pery
6%
Ouro | Palmitos Santa Lúcia
6%
Urubici Santa Teresinha
6%
Alfredo Wagner São Leonardo
6%
Biguaçu Sorocaba do Sul
6%
Rancho Queimado Taquaras
6%
Caçador Taquara Verde
6%
Nova Trento Aguti
5%
Pedras Grandes Azambuja
5%
Orleans Barracão
5%
Orleans Brusque do Sul
5%
Nova Trento Claraíba
5%
Ibirama Dalbérgia
5%
Campos Novos Encruzilhada
5%
Grão-Pará Invernada
5%
Itaiópolis Iraputã
5%
Curitibanos Marombas Bossardi
5%
Papanduva Nova Cultura
5%
Arabutã Nova Estrela
5%
Frei Rogério Núcleo Tritícola
5%
Irineópolis Poço Preto
5%
Monte Castelo Residência Fuck
5%
Porto União Santa Cruz do Timbó
5%
Treze de Maio São Gabriel
5%
São Joaquim São Sebastiãodo Arvoredo
5%
São João do Sul Vila Santa Catarina
5%
Urubici Águas Brancas
4%
Grão-Pará Aiurê
4%
Capinzal Alto Alegre
4%
Chapecó Alto da Serra
4%
Pouso Redondo Aterrado Torto
4%
Ponte Serrada Baía Alta
4%
Vitor Meireles Barra da Prata
4%
Erval Velho Barra Fria
4%
Faxinal dos Guedes Barra Grande
4%
Benedito Novo Barra São João
4%
Mafra Bela Vista do Sul
4%
Sombrio Boa Esperança
4%
Praia Grande Cachoeira de Fátima
4%
Xanxerê Cambuinzal
4%
Seara Caraíba
4%
Santa Terezinha Craveiro
4%
Concórdia Engenho Velho
4%
Guatambú Fazenda Zandavalli
4%
São Lourenço do Oeste Frederico Wastner
4%
Paraíso Grápia
4%
Dionísio Cerqueira Idamar
4%
Rio das Antas Ipoméia
4%
Tangará Irakitan
4%
Videira Lourdes
4%
Tangará Marari
4%
São Domingos Maratá
4%
São José do Cedro Mariflor
4%
Presidente Getúlio Mirador
4%
Nova Veneza Nossa Senhorado Caravagio
4%
Sombrio Nova Guarita
4%
Seara Nova Teutônia
4%
Palmitos Oldemburg
4%
São José do Cedro Padre Reus
4%
Taió Passo Manso
4%
São Joaquim Pericó
4%
Orleans Pindotiba
4%
São Lourenço do Oeste Presidente Juscelino
4%
Concórdia Presidente Kennedy
4%
Laguna Ribeirão Pequeno
4%
Petrolândia Rio Antinha
4%
Santa Terezinha Rio da Anta
4%
Orleans Rio das Furnas
4%
Imaruí Rio d'Una
4%
Orleans Rio Pinheiros
4%
São Joaquim Santa Izabel
4%
Lages Santa Teresinha do Salto
4%
Iraceminha São José do Laranjal
4%
Porto União São Miguel da Serra
4%
Dionísio Cerqueira São Pedro Tobias
4%
Lacerdópolis | São Lourenço do Oeste São Roque
4%
Lebon Régis São Sebastião do Sul
4%
Concórdia Tamanduá
4%
São João Batista Tijipió
4%
Piratuba Uruguai
4%
São Martinho Vargem do Cedro
4%
São João do Sul Vila Conceição
4%
Rio Negrinho Vila de Volta Grande
4%
São Domingos Vila Milani
4%
Xaxim Diadema
3%
Palmitos Diamantina
3%
Dionísio Cerqueira Jorge Lacerda
3%
Xavantina Linha das Palmeiras
3%
Palma Sola Rene Damo
3%
São José do Cerrito Salto dos Marianos
3%
Palma Sola Cerro Azul
2%
Saudades Juvêncio
2%
Pinhalzinho Machado
2%
Cordilheira Alta Fernando Machado
1%
Nenhum quiz correspondente encontrado
Distribuição das Pontuações
Porcentagem de Pessoas com Cada Pontuação
Percentil de Números Respondidos
Sua Pontuação Histórica
Você não jogou esse quiz